Grandi artisti del '900 - Statistics

Statistiche generali
  • Questo quiz è stato fatto 350 volte
    339 dall'ultimo reset
  • Il punteggio medio è 11 su 22
Statistiche sulle risposte
con Immagini Hint Risposta % Corretto
L'urlo (1893) Edvard Munch
99%
Il bacio (1907-08) Gustav Klimt
95%
Guernica (1937) Pablo Picasso
95%
La persistenza della memoria (1931) Salvador Dalì
90%
Shot Mailyns (1964) Andy Warhol
71%
Donna dagli occhi azzurri (1918) Amedeo Modigliani
66%
La danza (1910) Henri Matisse
63%
Concetto spaziale, attese (1967) Lucio Fontana
58%
Fontana (1917) Marcel Duchamp
56%
Presente e passato (1936) Giorgio De Chirico
51%
Forme uniche della continuità nello spazio (1913) Umberto Boccioni
51%
Il quarto stato (1898-1901) Giuseppe Pellizza Da Volpedo
48%
Composizione in rosso, giallo, blu e nero (1926) Piet Mondrian
47%
Composizione 8 (1923) Vasilij Kandinskij
37%
Gli eremiti (1912) Egon Schiele
30%
Uomo con violino (1912) Georges Braque
26%
Guardiani del segreto (1943) Jackson Pollock
21%
Castello e sole (1929) Ernst Paul Klee
20%
Le figlie di Loth (1919) Carlo Carrà
15%
Invalidi di guerra giocano a carte (1920) Otto Dix
15%
La sposa nel vento (1913-14) Oskar Kokoschka
13%
Lo spirito della nostra epoca (1919) Raoul Hausmann
3%
Nessun quiz corrispondente trovato
Distribuzione punteggi
Percentuale di utenti per punteggio
Percentile per numero di risposta
I tuoi punteggi nel tempo
Non hai fatto questo quiz dall'ultimo reset